| 000 | 01416cam a22002891i 4500 | ||
|---|---|---|---|
| 003 | SA-RiAUC | ||
| 005 | 20250126070223.0 | ||
| 008 | 250125s2002 su g f00000cara c | ||
| 020 | _a9960001717 | ||
| 040 |
_aSA-JeALM _bara _cSA-RiAUC _erda |
||
| 082 | 0 | 4 |
_a920.0468 _qSA-RiAUC |
| 090 |
_a920.0468 _bش ر ق |
||
| 100 | 1 |
_aالشرقي، منيرة بنت عبد الرحمن، _d1382 هجري- _eمؤلف. |
|
| 245 | 1 | 0 |
_aعلماء الأندلس في القرنين الرابع والخامس الهجرين : _bدراسة في أوضاعهم الاقتصادية وأثرها على مواقفهم السياسية / _cإعداد منيرة بنت عبد الرحمن الشرقي. |
| 264 | 1 |
_aالرياض : _bمكتبة الملك فهد الوطنية، _c2002 |
|
| 300 |
_a794 صفحة ؛ _c24 سم |
||
| 336 |
_aنص _btxt _2rdacontent _3كتاب |
||
| 337 |
_aبدون وسيط _bn _2rdamedia |
||
| 338 |
_aمجلد _bnc _2rdacarrier |
||
| 500 | _aالأصل أطروحة (دكتوراه)-جامعة الملك سعود، كلية الآداب، 1997. | ||
| 650 | 7 |
_aالعلماء المسلمون _vتراجم _2aucsh |
|
| 651 | 7 |
_aالأندلس _vتراجم _2aucsh |
|
| 651 | 7 |
_aالأندلس _xتاريخ _2aucsh |
|
| 651 | 7 |
_aالأندلس _xأحوال اقتصادية _yعصر الدولة الأموية، 756-1031. _2aucsh |
|
| 942 |
_2ddc _cBOOK _n0 |
||
| 949 |
_aSA-JeALM _d250125 _uosman123 _n1 |
||
| 999 |
_c5239 _d5239 |
||